KOHA-Header-6

Conceptual Physics (Record no. 12750)

000 -LEADER
fixed length control field 00243nam a22001217a 4500
020 ## - INTERNATIONAL STANDARD BOOK NUMBER
ISBN 9789352861774
082 ## - DEWEY DECIMAL CLASSIFICATION NUMBER
Classification number 530
245 ## - TITLE STATEMENT
Title Conceptual Physics
250 ## - EDITION STATEMENT
Edition statement 12th
260 ## - PUBLICATION, DISTRIBUTION, ETC. (IMPRINT)
Place of publication India
Name of publisher Pearson
Year of publication 2018
300 ## - PHYSICAL DESCRIPTION
Number of Pages 814 pages
942 ## - ADDED ENTRY ELEMENTS (KOHA)
Koha item type Books
Holdings
Withdrawn status Lost status Collection code Permanent Location Current Location Shelving location Date acquired Full call number Accession Number Koha item type
    Physics MAJU MAJU Shelf No.B31 2020-12-02 530 9916 Physics

Powered by Koha